|
|
|
|
| LEADER |
00771nta a2200181 i 4500 |
| 001 |
dipl87318 |
| 005 |
20200522064226.0 |
| 008 |
200520s2019 hu om 0|| zxx d |
| 040 |
|
|
|a SZTE Diploma Repozitórium
|b hun
|
| 041 |
|
|
|a zxx
|
| 100 |
1 |
|
|a Fekete Tímea
|
| 245 |
1 |
0 |
|a Művészetpolitika az 1930-as évek Németországában
|h [elektronikus dokumentum] :
|b az Elfajzott művészet című kiállítás vizsgálata /
|c Tímea Fekete
|
| 246 |
1 |
0 |
|a Art policy in the 1930's Germany : the examination of the Degenerate Art exhibition
|h [elektronikus dokumentum]
|
| 260 |
|
|
|c 2019
|
| 650 |
|
4 |
|a Bölcsészettudományok
|
| 650 |
|
4 |
|a Arts, art history
|
| 700 |
1 |
|
|a Nátyi Róbert
|e ths
|
| 856 |
4 |
0 |
|u http://diploma.bibl.u-szeged.hu/id/eprint/87318/2/2019_fekete_timea.pdf
|z Dokumentum-elérés
|